Basketball: Rekordspieler deutsche Nationalmannschaft - Statistiken

Allgemein
  • Dieses Quiz wurde 110 mal gespielt
    39 seit der letzten Aktualisierung
  • Das Durchschnittsergebnis liegt bei 5 aus 38
Antwortstatistiken
Spiele Zeitraum Position Name % Korrekt
153 1997-2015 PF Dirk Nowitzki
97%
119 2014- Center Johannes Voigtmann
41%
107 2014- PG Maodo Lo
30%
167 2009-2022 SF/PF Robin Benzing
24%
181 1986-1998 Center Hansi Gnad
22%
221 1996-2009 Center Patrick Femerling
22%
172 1995-2007 PF Ademola Okulaja
19%
106 1984-1997 Center Chris Welp
19%
140 1985-1998 PG Michael Koch
19%
122 1999-2008 PG Pascal Roller
19%
136 1985-1999 PG Kai Nürnberger
16%
118 2013- SF Niels Giffey
16%
105 1982-1992 Center Uwe Blab
16%
169 1987-1997 SF/PF Henning Harnisch
14%
178 1987-2002 SG/SF Henrik Rödl
14%
131 2003-2011 PG Steffen Hamann
14%
141 2003-2012 PF Jan-Hendrik Jagla
11%
113 1984-1993 SF Michael Jackel
11%
100 1999-2009 PG Mithat Demirel
11%
118 1999-2008 SG Robert Garrett
11%
133 1984-1997 SG Stephan Baeck
11%
105 2009-2016 Center Tibor Pleiß
11%
114 2001-2010 SG Demond Greene
8%
146 1983-1995 Center Gunther Behnke
8%
166 1990-2007 Center Stephen Arigbabu
8%
123 1994-2005 SG/SF Denis Wucherer
5%
121 2000-2011 SF/PF Sven Schultze
5%
146 1979-1992 PG Armin Andres
3%
115 2009-2017 PG Heiko Schaffartzik
3%
115 2009-2017 SG Lucca Staiger
3%
118 1981-1988 SF Lutz Wadehn
3%
169 1977-1988 SF Michael Pappert
3%
130 1979-1986 Center Armin Sowa
0%
113 1975-1982 PG Jörg Heidrich
0%
142 1975-1987 Center Klaus Zander
0%
116 1975-1983 SG/SF Matthias Strauss
0%
150 1969-1979 Center Norbert Thimm
0%
110 1980-1985 SG Ulrich Peters
0%
Keine übereinstimmenden Quizze gefunden
Verteilung der Resultate
Anzahl Personen mit jedem Resultat
Perzentil nach korrekt beantworteten Fragen
Ihre Resultats-Entwicklung
Sie haben dieses Quiz seit der letzten Aktualisierung nicht gespielt